Powiaty województwa podlaskiego z mapą - Statystyki

Ogólne statystyki
  • Ten quiz został rozwiązany 28 816 razy
  • Średni wynik to 11 z 17
Odpowiedzi na mapie
Odpowiedzi zakodowano w zielono-czerwonej skali na mapie do tego quizu, zgodnie z poniższymi procentami.
 
Statystyki odpowiedzi
Powiaty % Poprawnych
Białystok
95%
białostocki
94%
Suwałki
90%
suwalski
90%
Łomża
81%
augustowski
74%
łomżyński
70%
hajnowski
60%
bielski
54%
zambrowski
50%
sokólski
49%
grajewski
48%
sejneński
47%
siemiatycki
45%
wysokomazowiecki
44%
moniecki
42%
kolneński
36%
Nie znaleziono quizów pasujących do podanych kryteriów
Rozkład punktacji
Procent ludzi z każdym wynikiem
Percentyl według liczby udzielonych odpowiedzi
Twoja historia wyników
Nie rozwiązałeś tego quizu